Philosophy as a way of life (Record no. 138223)

MARC details
000 -LEADER
fixed length control field 00926nam a2200277Ia 4500
003 - CONTROL NUMBER IDENTIFIER
control field OSt
005 - DATE AND TIME OF LATEST TRANSACTION
control field 20220918171158.0
008 - FIXED-LENGTH DATA ELEMENTS--GENERAL INFORMATION
fixed length control field 220917b |||||||| |||| 00| 0 eng d
020 ## - INTERNATIONAL STANDARD BOOK NUMBER
International Standard Book Number 9781405161619 (hbk)
037 ## - SOURCE OF ACQUISITION
Terms of availability Textual
040 ## - CATALOGING SOURCE
Original cataloging agency ARTS
Transcribing agency ARTS
Language of cataloging eng
041 ## - LANGUAGE CODE
Source of code eng
Language code of text/sound track or separate title eng
100 ## - MAIN ENTRY--PERSONAL NAME
Personal name Chase Michael Ed.
9 (RLIN) 34634
245 #0 - TITLE STATEMENT
Title Philosophy as a way of life
Remainder of title Ancient and modern
260 ## - PUBLICATION, DISTRIBUTION, ETC.
Place of publication, distribution, etc. West Sussax
Name of publisher, distributor, etc. John Wiley & Sons U.S.A
Date of publication, distribution, etc. 2013
300 ## - PHYSICAL DESCRIPTION
Extent xv, 324p.
Dimensions cm.
650 ## - SUBJECT ADDED ENTRY--TOPICAL TERM
Topical term or geographic name entry element PHILOSOPHY
700 ## - ADDED ENTRY--PERSONAL NAME
Personal name Clark Stephen R. L. Ed.
9 (RLIN) 34635
700 ## - ADDED ENTRY--PERSONAL NAME
Personal name McGhee Michael Ed.
9 (RLIN) 34636
942 ## - ADDED ENTRY ELEMENTS (KOHA)
Classification part RjN22, Q3
Koha item type Textual
Source of classification or shelving scheme Colon Classification (CC)
Holdings
Withdrawn status Lost status Damaged status Not for loan Home library Current library Date acquired Source of acquisition Cost, normal purchase price Total Checkouts Full call number Barcode Date last seen Cost, replacement price Price effective from Koha item type
        Arts Library Arts Library 2022-09-18 CBS/287, 18/03/2014, Classic Book Service 6134.93   RjN22 Q3 AL1570067 2022-09-18 6134.93 2022-09-18 Textual
Copyright @ Delhi University Library System